| 000 | 00751nam a2200205 4500 | ||
|---|---|---|---|
| 005 | 20241024105816.0 | ||
| 010 | _aENG-142389 | ||
| 020 |
_c400.00 _a9789387002142 |
||
| 035 | _aEN-125921 | ||
| 037 | _bDBAD | ||
| 082 | _a025.04 | ||
| 245 |
_aElectronics Resource Management The Modern Scenario/ _bEdited by Sanjay Kumar Karn and Basanta Kumar Das |
||
| 250 | _aFirst | ||
| 260 |
_bDisha International publishing House _aUttar Pradesh _c2018 |
||
| 270 |
_a88, Bhunna Taga P. S. Rabupura _bGreater Noida _e203209 _k9760316934 _k7080806934 _mdishainternatioinalpublishing@gmail.com |
||
| 300 |
_a238p. _c22cm(pb) |
||
| 700 |
_aSanjay Kumar Karn _973328 |
||
| 700 |
_aBasanta Kumar Das _973329 |
||
| 942 |
_2ddc _cEN _h025.04 _mELE _e2018 |
||
| 999 |
_c206670 _d206670 |
||